Quizzes
Events
Quiz Creation
Community
Videos
Private Events
Remove Ads
Sign In
Join for FREE
Feedback
Dark Mode
Quiz Categories
Sports
Geography
Music
Movies
Television
Just For Fun
Miscellaneous
History
Literature
Language
Science
Gaming
Entertainment
Religion
Holiday
For Kids
Quiz Lab
Recent
Popular Today
Quiz Kudos Today
Editor Picks
Curator Picks
Quizzes by...
Day
Popularity
Type
Ratings
Length
Year
Community
Subscriptions
Recent Discussions
Orange Saloon
Badges
Playlists
Quests
Create
Leaderboards
Showdown
Live 5
Trivia Bingo
Activity
Puzzle Library
Sporcle Events
Private Events
Virtual Trivia
Globe League
Become a Host
Pub Owners
SporcleCon
Opinionation
Our Games
Videos
Blog
Mobile Apps
Partnerships
Remove Ads and Go Orange
Feedback
History
US Presidents
World Leaders
Politics
Nation
Discovery
War
Decade
Year
Century
Biography
Art
History
US Presidents
World Leaders
Politics
Nation
Discovery
War
Decade
Year
Century
Biography
Art
Random Quiz
Search Sporcle
×
Quiz Lab
Quiz Lab
History
State
Type in answers that appear in a list
Type in answers that appear in a list
Classic
Best Score? Go Orange.
U.S. Military Operations Stats
Can you name the military operations of the United States?
By
zaq975
8m
23 Questions
202 Plays
202 Plays
202 Plays
Comments
Comments
Give Quiz Kudos
Give Quiz Kudos
-
- Ratings
hide this ad
Replay
Link that replays current quiz
Next Quiz
Link to next quiz in quiz playlist
You Got
0%
They Got
Avg Score
53%
Avg Friend Score
Upgrade to see
Score Distribution
Jump to the score distribution portion of the page
Score
0/23
Timer
08:00
0
Plays Today
Years
War/Battle/Engagement
% Correct
2003-
present
War in Iraq
90.6%
1959-
1975
Vietnam War
90.1%
1917-
1918
World War I
86.1%
1941-
1945
World War II
86.1%
1950-
1953
Korean War
85.6%
1990-
1991
Persian Gulf War
83.2%
2001-
present
War in Afghanistan
83.2%
1861-
1865
Civil War
78.2%
1812-
1815
War of 1812
76.2%
1898
Spanish-American War
71.8%
1846-
1848
Mexican-American War
59.9%
1983
Grenada
59.9%
Years
War/Battle/Engagement
% Correct
1775-
1783
American Revolutionary War
56.9%
1989-
1990
Panama
51.5%
1999
Kosovo
43.6%
1801-
1805
Barbary War
25.7%
1899-
1913
Philippine-American War
25.7%
1798-
1800
Quasi War
20.8%
1900
Boxer Rebellion
19.8%
1915-
1934
Occupation of Haiti
17.8%
1965
Dominican Republic Invasion
14.9%
1980
Iran Hostage Crisis
5%
1918-
1920
Bolshevik Revolution
1%
Quiz Playlist
Details
Report
Send in Message
Add To Playlist
Classic:
Type in answers that appear in a list
Last Updated: Jun 25, 2017
Quiz Scoreboard
CHALLENGE
Sign Up to Join the Scoreboard
Show All
Scores
Hide
Comments
May contain spoilers
Recently Published
One Thing in Common: World Cities II
by knightlancer
Geography
7m
Popular People in 1961
by mucciniale
History
6m
1-10 Letter E Words III
by El_Dandy
Language
2m
More to Explore
Quiz From the Vault
Featured Blog Post
Where Did the Easter Bunny Come From?
hide this ad
You Might Also Like...
Tags
State Quiz
United States Quiz
War Quiz
battle
engagement
Military
Operation
United
Today's Top Quizzes in History
Browse History
hide this ad
Today's Top Quizzes in State
Browse State
Top Contributed Quizzes in History
1
Popular People in 1991
2
Popular People in 1981
3
Popular People in 1951
4
Popular People in 1941
5
Popular People in 1986
6
Popular People in 1921
7
Popular People in 1976
8
Popular People in 1946
9
Popular People in 1936
10
I Am Born On March 28th
Explore More
Trending Topics
Kpop
Marvel
Disney
Crossword
NBA
Harry Potter
Anime
NFL
Soccer
Country
Song
Pokémon
WWE
The Office
Puzzle
hide this ad
More By:
zaq975
Quiz
Plays
Rating
Category
Featured
Created
Halo: Reach Medals
944
4.00
Gaming
Nov 3, 2010
Battleship Row
516
5.00
History
Nov 12, 2009
Psych Characters
243
Television
May 23, 2011
U.S. Military Operations
202
1.67
History
Jun 14, 2010
Man in Black
128
2.50
Television
Jun 16, 2010
Go to Creator's Profile
Score Distribution
Quiz Creator Spotlight
zaq975
Follow
Send a Message
Quizzes Created
-
Created Quiz Play Count
-
More By This Creator
Popular Quizzes Today
1
Find the US States - No Outlines Minefield
2
The Countries of the World
3
Popular People in 1961
4
Find the Countries of Europe - No Outlines Minefield
5
1-10 Letter E Words III
6
Find the US States
7
One Thing in Common: World Cities II
8
US States
More History Quizzes
On Each Day of April
Published
Trending Quizzes
1-10 Letter F Words
1-10 Letter G Words
Risky Map Clicking: Next State Alphabetically
1-10 Letter F Words II
Risky Map Clicking: States by Unique Starting Letters
Recently Updated
Leaping Animals
pecheneg
Reality TV Shows (A-Z)
bhenderson79
Rickey Henderson's Hall of Fame Teammates
pecheneg
Champions League XIs: Arsenal
pecheneg
Quick Pick: Celebrities in WWE's Hall of Fame
aduchscher
A-Z Keypad Blitz II
pecheneg
Multiple Oscar Actors
pecheneg
Mystery Phrase Blitz: Oscar 'Best Actors'
pecheneg
F. Scott Fitzgerald Novels
LTH
Pick 3 Villains
ddd62291
Trending Topics
Crossword
Kpop
NBA
Marvel
Disney
Anime
Harry Potter
Song
WWE
Soccer
The Office
Pokémon
Puzzle
NFL
Country
Your Account Isn't Verified!
In order to create a playlist on Sporcle, you need to verify the email address you used during registration. Go to your
Sporcle Settings
to finish the process.
Report this User
Report this user for behavior that violates our
Community Guidelines
.
Details:
Send Report
Go to the Sporcle.com Mobile Site →
Comments